00817cam a2200253 a 4500999001500000001000500015003000900020005001700029008004100046020002300087020002200110040002800132082001600160100001800176245006200194250001200256260004800268300004500316500002000361650002200381650001900403942001200422952012900434 c4952d49526661BD-DhUAP20201125112754.0201125s1995 iaua 001 0 eng  a0697229254 (paper) a0697160440 (case) aDLCcDLCdBD-DhUAPbeng00a612 HOL2231 aHole, John W.10aEssentials of human anatomy & physiology /cJohn W. Hole. a5th ed. aDubuque :bWm. C. Brown Publishers,cc1995. axx, 586 pages :billustrations ;c28 cm. aIncludes index. 0aHuman physiology. 0aHuman anatomy. 2ddccBK 00102ddc4070aUAPCLbUAPCLcGeneral Stacksd2020-11-25l1o612 HOLp3010006661r2023-02-13s2023-02-06t1w2020-11-25yBK